000 00689cam a22002294a 4500
001 14899913
005 20241217004357.0
008 070621s2007 ph b 101 0 eng
020 _a9789715505161
040 _aDLC
_cDLC
_dDLC
082 _222
245 1 0 _aBody and sexuality :
_btheological-pastoral perspectives of women in Asia /
_cAgnes M. Brazal, Andrea Lizares Si, editors.
250 _a1st.
260 _aQuezon City :
_bAteneo de Manila University Press,
_c2007.
300 _axiii, 301 p.
490 0 _aTheology and religious studies series
650 0 _aHuman body
650 0 _aWomen
700 1 _aBrazal, Agnes M.
_eedt
700 1 _aSi, Andrea Lizares.
_eedt
942 _cL
999 _c7
_d7